| 000 | 01358nam a22004097a 4500 | ||
|---|---|---|---|
| 001 | 000097039 | ||
| 003 | CHAP | ||
| 005 | 20250207172238.0 | ||
| 008 | 070419s2005 mx a r 00010 spa d | ||
| 010 | _a93505 | ||
| 011 | _a94477 | ||
| 020 | _a9680201422 | ||
| 035 | _a105068 | ||
| 040 | _cCHAP | ||
| 082 | 0 | 4 |
_a633.73 _bC6 |
| 100 | 1 |
_aCórdova Santamaría, Susana. _9135315 |
|
| 245 | 1 | 0 |
_aCafé y sociedad en Huatusco, Veracruz : _bformación de la cultura cafetalera (1870-1930) / _c/por Susana Córdova Santamaría. |
| 260 |
_aChapingo, Méx. : _bUACH, _c2005. |
||
| 300 | _a451 p. | ||
| 490 | _aRegiones | ||
| 590 |
_aBATCH-UPD _b10 _c20130110 _lUCH01 _h1714 |
||
| 590 |
_aBATCH-UPD _b10 _c20130410 _lUCH01 _h1059 |
||
| 590 |
_aBATCH-UPD _b10 _c20130914 _lUCH01 _h0808 |
||
| 590 |
_aBATCH-UPD _b10 _c20190927 _lUCH01 _h0948 |
||
| 590 |
_aCONVERSION _b10 _c20130109 _lUCH01 _h1352 |
||
| 590 |
_aE11695DGD _b10 _c20190927 _lUCH01 _h1044 |
||
| 650 | 1 | 4 |
_aCafé _xAspectos económicos. _917090 |
| 650 | 1 | 4 |
_aCafé _xHistoria. _917153 |
| 650 | 1 | 4 |
_aCafé _zVeracruz. |
| 650 | 1 | 4 |
_aCafeticultores. _917080 |
| 830 | 0 |
_aRegiones (CONACULTA) _995667 |
|
| 901 | _aBK | ||
| 942 | _cLIBRO | ||
| 942 | _n0 | ||
| 949 |
_a633.73 C6 _bBC _cLIBRO _d33724002028918 _eLIBRO _h108549 _i105068 _si |
||
| 949 |
_a633.73 C6 _bBC _cUACH _d33724002028959 _eUACH _fc.2 _h108550 _i105068 _sb |
||
| 999 |
_c93505 _d93505 |
||